Größte deutsche Städte nach Buchstabe - J - Statistiken

Allgemein
  • Dieses Quiz wurde 8.399 mal gespielt
  • Das Durchschnittsergebnis liegt bei 2 aus 10
Antwortstatistiken
Land Einwohner Stadt % Korrekt
Thüringen 111.343 Jena
99%
NRW 32.653 Jülich
30%
Niedersachsen 14.413 Jever
23%
Sachsen-Anhalt 6.773 Jerichow
17%
Brandenburg 12.372 Jüterbog
15%
Sachsen-Anhalt 14.067 Jessen (Elster)
10%
NRW 23.294 Jüchen
10%
Mecklenburg-Vorpommern 2.926 Jarmen
6%
Brandenburg 3.405 Joachimsthal
4%
Sachsen 3.897 Johanngeorgenstadt
4%
Keine übereinstimmenden Quizze gefunden
Verteilung der Resultate
Anzahl Personen mit jedem Resultat
Perzentil nach korrekt beantworteten Fragen
Ihre Resultats-Entwicklung
Sie haben dieses Quiz noch nicht gespielt